[Event "Klatovy op-C 29th"]
[Site "Klatovy"]
[Date "2023.07.09"]
[Round "9"]
[White "Nisztuk, Michal"]
[Black "Cecil, Pavel"]
[Result "1-0"]
[WhiteElo "1424"]
[BlackElo "1845"]
[PlyCount "120"]
[EventDate "2023.07.01"]
[EventType "swiss"]
[EventRounds "9"]
[EventCountry "CZE"]
[SourceTitle "CBM 215 Extra"]
[Source "ChessBase"]
[SourceDate "2023.09.30"]
[SourceVersion "1"]
[SourceVersionDate "2023.09.30"]
[SourceQuality "1"]

1. e4 e6 2. d4 d5 3. exd5 exd5 4. c4 Qe7+ 5. Be3 Nf6 6. Nc3 c6 7. Nf3 Be6 8. cxd5 Nxd5 9. Bd3 g6 10. 0-0 Bg7 11. Qd2 0-0 12. Bg5 Qc7 13. Bh6 Nd7 14. Bxg7 Kxg7 15. Ng5 Rae8 16. Rac1 Qf4 17. Nxe6+ Rxe6 18. Qxf4 Nxf4 19. Bc4 Rd6 20. Rcd1 Nb6 21. Bb3 Rfd8 22. Rfe1 Kf8 23. Re4 Ne6 24. Rde1 Nxd4 25. Bd1 Re6 26. g3 Rxe4 27. Nxe4 Nd5 28. Kf1 b6 29. f4 h6 30. a3 f5 31. Nf2 Re8 32. Nd3 Ne3+ 33. Kf2 Nxd1+ 34. Rxd1 c5 35. Ne5 Kg7 36. b4 Rc8 37. Rd2 Rc7 38. Ke3 a5 39. Kd3 Nb5 40. a4 Nd6 41. b5 Nf7 42. Kc4 Nxe5+ 43. fxe5 Re7 44. Rd6 Rxe5 45. Rxb6 g5 46. Rc6 f4 47. gxf4 gxf4 48. Rd6 f3 49. Rd1 Re4+ 50. Kxc5 Rxa4 51. b6 Rb4 52. Ra1 f2 53. Kc6 Kg6 54. Rf1 Rb2 55. b7 Kg5 56. Rxf2 Rxf2 57. b8Q Rf5 58. Qg3+ Kf6 59. Kd6 Rg5 60. Qf4+ Kg6 1-0

[Event "Klatovy op-C 29th"]
[Site "Klatovy"]
[Date "2023.07.05"]
[Round "5"]
[White "Tomecek, Marian"]
[Black "Nisztuk, Michal"]
[Result "1/2-1/2"]
[WhiteElo "1294"]
[BlackElo "1424"]
[PlyCount "60"]
[EventDate "2023.07.01"]
[EventType "swiss"]
[EventRounds "9"]
[EventCountry "CZE"]
[SourceTitle "CBM 215 Extra"]
[Source "ChessBase"]
[SourceDate "2023.09.30"]
[SourceVersion "1"]
[SourceVersionDate "2023.09.30"]
[SourceQuality "1"]

1. Nf3 d5 2. d4 c5 3. dxc5 Nc6 4. e3 e5 5. Be2 Bxc5 6. 0-0 Nf6 7. Bb5 0-0 8. Bxc6 bxc6 9. Nxe5 Qd6 10. Nf3 Bg4 11. Nbd2 Rfe8 12. c3 Re7 13. b4 Bb6 14. Qc2 a5 15. Bb2 Bc7 16. c4 axb4 17. Bxf6 Qxf6 18. cxd5 cxd5 19. Qb3 Qd6 20. Qd3 Ra3 21. Qd4 f5 22. g3 Re6 23. Qb2 Rh6 24. Nd4 Rh3 25. Nb5 Qh6 26. Qd4 Rxh2 27. Qxd5+ Kf8 28. Qc5+ Kg8 29. Qd5+ Kf8 30. Qc5+ Kg8 1/2-1/2

[Event "Polanica Zdroj op-C 58th"]
[Site "Polanica Zdroj"]
[Date "2022.08.20"]
[Round "8"]
[White "Nisztuk, Michal"]
[Black "Poniewierski, Piotr"]
[Result "0-1"]
[WhiteElo "1548"]
[BlackElo "1747"]
[PlyCount "88"]
[EventDate "2022.08.13"]
[EventType "swiss"]
[EventRounds "9"]
[EventCountry "POL"]
[SourceTitle "CBM 210 Extra"]
[Source "ChessBase"]
[SourceDate "2022.11.30"]
[SourceVersion "1"]
[SourceVersionDate "2022.11.30"]
[SourceQuality "1"]

1. e4 c6 2. d4 g6 3. c4 d5 4. e5 h5 5. Nc3 Nh6 6. Bd3 Bg7 7. Nge2 0-0 8. Bg5 Bf5 9. 0-0 Qd7 10. Nf4 Bxd3 11. Qxd3 e6 12. cxd5 cxd5 13. Nxg6 fxg6 14. Bxh6 Bxh6 15. Qxg6+ Bg7 16. Qxh5 Nc6 17. Rad1 Rf5 18. Qg4 Raf8 19. Rd3 Rf4 20. Qd1 Qf7 21. Qd2 a6 22. a3 Qf5 23. h3 Rf7 24. b4 b5 25. g4 Qh7 26. Ne2 Rf3 27. Rxf3 Rxf3 28. Rc1 Rxh3 29. Ng3 Ne7 30. Rc7 Qh4 31. Ra7 Ng6 32. Rc7 Ne7 33. Ra7 Ng6 34. Qc1 Qxg4 35. Rxa6 Nf4 36. Ra7 Ng6 37. Ra6 Nf4 38. Ra7 Ng6 39. Ra6 Nf4 40. Ra8+ Kh7 41. Ra7 Kg8 42. Ra8+ Kh7 43. Qc2+ Kh6 44. Qd2 Rh1+ 0-1

[Event "Polanica Zdroj op-C 58th"]
[Site "Polanica Zdroj"]
[Date "2022.08.13"]
[Round "1"]
[White "Bukowska, Katarzyna"]
[Black "Nisztuk, Michal"]
[Result "1/2-1/2"]
[WhiteElo "1842"]
[BlackElo "1548"]
[PlyCount "54"]
[EventDate "2022.08.13"]
[EventType "swiss"]
[EventRounds "9"]
[EventCountry "POL"]
[SourceTitle "CBM 210 Extra"]
[Source "ChessBase"]
[SourceDate "2022.11.30"]
[SourceVersion "1"]
[SourceVersionDate "2022.11.30"]
[SourceQuality "1"]

1. e4 e5 2. Nf3 Nc6 3. Bb5 Nf6 4. 0-0 Nxe4 5. d3 Nd6 6. Bxc6 dxc6 7. Nxe5 Be7 8. Nc3 Bf6 9. Bf4 0-0 10. Re1 Re8 11. h3 Be6 12. Nf3 Nf5 13. Qd2 Nh4 14. Nxh4 Bxh4 15. Ne4 Bd5 16. Rad1 b5 17. a4 a6 18. b3 Qd7 19. c4 Bxe4 20. dxe4 Qe7 21. Qd7 Qc5 22. Be3 Qb4 23. Bd4 Rad8 24. Qxc6 Qxb3 25. axb5 axb5 26. Qxb5 Qa2 27. g3 Be7 1/2-1/2

[Event "Olexa Memorial op"]
[Site "Brno"]
[Date "2021.12.28"]
[Round "3"]
[White "Kolek, Josef"]
[Black "Nisztuk, Michal"]
[Result "1-0"]
[WhiteElo "1798"]
[BlackElo "1502"]
[PlyCount "159"]
[EventDate "2021.12.26"]
[EventType "swiss"]
[EventRounds "7"]
[EventCountry "CZE"]
[SourceTitle "CBM 205 Extra"]
[Source "ChessBase"]
[SourceDate "2022.01.31"]
[SourceVersion "1"]
[SourceVersionDate "2022.01.31"]
[SourceQuality "1"]

1. e4 e5 2. Nf3 Nc6 3. Bb5 Nf6 4. Bxc6 dxc6 5. d3 Bc5 6. h3 0-0 7. Bg5 Qd6 8. Nbd2 b5 9. 0-0 a5 10. Qe2 Ba6 11. Rfd1 Ba7 12. Nf1 b4 13. Be3 c5 14. Ng3 Rfd8 15. Nf5 Qd7 16. Bg5 Qe6 17. b3 Rd7 18. Bh4 h6 19. Bg3 Re8 20. Bxe5 Nh5 21. g4 f6 22. Bh2 Kh7 23. Re1 g6 24. Ne3 Ng7 25. Nd2 c6 26. Ndc4 a4 27. f3 a3 28. Rf1 h5 29. Qf2 Rf7 30. Nd6 f5 31. Nxe8 Qxe8 32. Nc4 fxg4 33. hxg4 Qe6 34. Qg3 Qf6 35. e5 Qe7 36. f4 hxg4 37. Qxg4 Nf5 38. Rae1 Kg8 39. Kh1 Kg7 40. Rg1 Qe6 41. Bg3 Rf8 42. Rg2 Bc8 43. Qg5 Nd4 44. Re3 Nf5 45. Rf3 Nd4 46. Rff2 Rf5 47. Qd8 Rf8 48. Qd6 Qh3+ 49. Bh2 Bf5 50. Qe7+ Rf7 51. Qg5 Ne6 52. Qg3 Qh5 53. Nd6 Bh3 54. Nxf7 Bxg2+ 55. Kxg2 Kxf7 56. Qf3 Qxf3+ 57. Kxf3 c4 58. Rg2 cxd3 59. cxd3 Nd4+ 60. Ke4 Nf5 61. Bg1 c5 62. Kd5 Ne7+ 63. Kd6 Nf5+ 64. Kc6 Nd4+ 65. Bxd4 cxd4 66. Kd5 Bb6 67. Rc2 Bd8 68. Kxd4 Bb6+ 69. Kd5 Be3 70. Ke4 Bb6 71. Rc6 Bd8 72. d4 g5 73. e6+ Kf6 74. fxg5+ Kxg5 75. d5 Kf6 76. Kd4 Ke7 77. Ke5 Ke8 78. Ra6 Bc7+ 79. d6 Bd8 80. Ra8 1-0

[Event "Olexa Memorial op"]
[Site "Brno"]
[Date "2021.12.26"]
[Round "1"]
[White "Zeman, Arnost"]
[Black "Nisztuk, Michal"]
[Result "0-1"]
[WhiteElo "1771"]
[BlackElo "1502"]
[PlyCount "78"]
[EventDate "2021.12.26"]
[EventType "swiss"]
[EventRounds "7"]
[EventCountry "CZE"]
[SourceTitle "CBM 205 Extra"]
[Source "ChessBase"]
[SourceDate "2022.01.31"]
[SourceVersion "1"]
[SourceVersionDate "2022.01.31"]
[SourceQuality "1"]

1. c4 e5 2. Nc3 f5 3. g3 Nf6 4. Bg2 c6 5. d3 Na6 6. Nf3 d6 7. 0-0 Be7 8. a3 0-0 9. b4 Nc7 10. Qb3 Kh8 11. a4 Be6 12. b5 Rb8 13. Be3 c5 14. b6 axb6 15. Qxb6 Qd7 16. Ng5 Bg8 17. Rab1 Ng4 18. Nh3 Na6 19. Bg5 Bxg5 20. Nxg5 Nb4 21. h3 Nf6 22. f4 exf4 23. gxf4 Rfe8 24. Rb2 Nh5 25. h4 Qe7 26. Rxb4 cxb4 27. Nd5 Qxe2 28. Bf3 Qxd3 29. Nxb4 Qb3 30. Nd5 Qxb6+ 31. Nxb6 Nxf4 32. Bd1 Ne2+ 33. Kf2 Nc3 34. Bf3 h6 35. Nh3 Ne4+ 36. Kg2 Nd2 37. Rc1 Nxf3 38. Kxf3 Re4 39. Rc3 Rd8 0-1

[Event "Liberec Desko op"]
[Site "Liberec"]
[Date "2020.07.18"]
[Round "1"]
[White "Sernecki, Franciszek"]
[Black "Nisztuk, Michal"]
[Result "1-0"]
[WhiteElo "2243"]
[BlackElo "1657"]
[PlyCount "58"]
[EventDate "2020.07.18"]
[EventType "swiss"]
[EventRounds "9"]
[EventCountry "CZE"]
[SourceTitle "CBM 197 Extra"]
[Source "ChessBase"]
[SourceDate "2020.09.30"]
[SourceVersion "1"]
[SourceVersionDate "2020.09.30"]
[SourceQuality "1"]

1. e4 e5 2. Nf3 Nc6 3. Bb5 Nf6 4. 0-0 Nxe4 5. Re1 Nd6 6. Nxe5 Nxe5 7. Rxe5+ Be7 8. Bf1 0-0 9. d4 Bf6 10. Re1 Nf5 11. c3 d5 12. Bf4 c6 13. Nd2 Re8 14. Qb3 Re7 15. Bd3 h6 16. Nf3 Nd6 17. Rxe7 Bxe7 18. Re1 Bf8 19. h3 b5 20. Qc2 Be6 21. Ne5 Rc8 22. Bh7+ Kh8 23. Ng6+ fxg6 24. Rxe6 g5 25. Be5 Nf7 26. Bg3 Qd7 27. Bf5 Qd8 28. Bg6 Nd6 29. Bxd6 Qd7 1-0

[Event "Pardubice Czech op-D 30th"]
[Site "Pardubice"]
[Date "2019.07.22"]
[Round "3"]
[White "Nisztuk, Michal"]
[Black "Voith, Walter"]
[Result "1/2-1/2"]
[WhiteElo "1626"]
[BlackElo "1460"]
[PlyCount "58"]
[EventDate "2019.07.20"]
[EventType "swiss"]
[EventRounds "9"]
[EventCountry "CZE"]
[SourceTitle "EXT 2020"]
[Source "ChessBase"]
[SourceDate "2019.10.17"]
[SourceVersion "1"]
[SourceVersionDate "2019.10.17"]
[SourceQuality "1"]

1. e4 c5 2. Nf3 e6 3. c4 Nc6 4. d4 cxd4 5. Nxd4 a6 6. Nc3 Bb4 7. Qd3 Qc7 8. f4 b6 9. Be2 Bb7 10. 0-0 Nxd4 11. Bg4 Nf6 12. Bh3 0-0 13. Na4 Nc6 14. Be3 Na5 15. Nxb6 Bc5 16. Nxa8 Bxe3+ 17. Qxe3 Bxa8 18. e5 Ne4 19. b3 d6 20. f5 exf5 21. exd6 Nxd6 22. Rad1 Be4 23. Qg5 h6 24. Qf4 Qc5+ 25. Rf2 Nab7 26. g3 Kh7 27. Kf1 g5 28. Qd2 Kg6 29. Qc3 Bc6 1/2-1/2

[Event "Karvina op"]
[Site "Karvina"]
[Date "2015.07.04"]
[Round "8"]
[White "Folwarczny, Marek"]
[Black "Nisztuk, Michal"]
[Result "1-0"]
[WhiteElo "1792"]
[BlackElo "1649"]
[PlyCount "97"]
[EventDate "2015.06.27"]
[EventType "swiss"]
[EventRounds "9"]
[EventCountry "CZE"]
[SourceTitle "CBM 167 Extra"]
[Source "ChessBase"]
[SourceDate "2015.09.14"]
[SourceVersion "1"]
[SourceVersionDate "2015.09.14"]
[SourceQuality "1"]

1. e4 e5 2. Nf3 Nc6 3. d4 exd4 4. Bc4 Nf6 5. e5 d5 6. Bb5 Ne4 7. Nxd4 Bd7 8. Bxc6 bxc6 9. 0-0 Be7 10. f3 Ng5 11. f4 Ne6 12. f5 Nxd4 13. Qxd4 Bg5 14. Nd2 0-0 15. Nb3 Bxc1 16. Raxc1 Qg5 17. Qd3 Qe7 18. Rce1 Qb4 19. c3 Qb6+ 20. Kh1 Rad8 21. f6 c5 22. Qg3 g6 23. Qg5 Kh8 24. Qh6 Rg8 25. Rf2 g5 26. Qh5 Rg6 27. Qf3 Be6 28. Rd2 a5 29. Qe3 d4 30. cxd4 cxd4 31. Rxd4 Rxd4 32. Qxd4 Bxb3 33. Qxb6 cxb6 34. axb3 Rg8 35. Rd1 Rc8 36. h3 h5 37. Rd7 Kg8 38. Rb7 Rc6 39. h4 g4 40. Kh2 Rc5 41. Re7 Rb5 42. Kg3 Rxb3+ 43. Kf4 Rxb2 44. Kg5 Rxg2 45. Re8+ Kh7 46. Rf8 Re2 47. Rxf7+ Kg8 48. Kg6 Rxe5 49. Re7 1-0

[Event "Karvina op"]
[Site "Karvina"]
[Date "2015.07.01"]
[Round "5"]
[White "Lojek, Marek"]
[Black "Nisztuk, Michal"]
[Result "1-0"]
[WhiteElo "1932"]
[BlackElo "1649"]
[PlyCount "57"]
[EventDate "2015.06.27"]
[EventType "swiss"]
[EventRounds "9"]
[EventCountry "CZE"]
[SourceTitle "CBM 167 Extra"]
[Source "ChessBase"]
[SourceDate "2015.09.14"]
[SourceVersion "1"]
[SourceVersionDate "2015.09.14"]
[SourceQuality "1"]

1. g4 d5 2. Bg2 Bxg4 3. c4 Nf6 4. Qb3 b6 5. cxd5 Qd6 6. Nc3 a6 7. d4 Nbd7 8. h3 Bh5 9. e4 e5 10. dxe6 Qxd4 11. Be3 Qb4 12. Qxb4 Bxb4 13. exd7+ Nxd7 14. Nge2 0-0 15. Ng3 Bg6 16. 0-0-0 Rad8 17. Nd5 Bd6 18. f4 f6 19. h4 Bf7 20. Nf5 Nc5 21. Bxc5 Bxc5 22. b4 Be6 23. Nfe7+ Kh8 24. f5 c6 25. fxe6 h5 26. Rd2 cxd5 27. exd5 f5 28. d6 Rf6 29. Bc6 1-0

[Event "Karvina op"]
[Site "Karvina"]
[Date "2015.06.28"]
[Round "2"]
[White "Nisztuk, Michal"]
[Black "Raszka, Janusz"]
[Result "0-1"]
[WhiteElo "1649"]
[BlackElo "2097"]
[PlyCount "68"]
[EventDate "2015.06.27"]
[EventType "swiss"]
[EventRounds "9"]
[EventCountry "CZE"]
[SourceTitle "CBM 167 Extra"]
[Source "ChessBase"]
[SourceDate "2015.09.14"]
[SourceVersion "1"]
[SourceVersionDate "2015.09.14"]
[SourceQuality "1"]

1. e4 c5 2. Nf3 e6 3. c3 a6 4. d4 d5 5. e5 Nc6 6. Be2 Nge7 7. Bg5 Qb6 8. Qd2 cxd4 9. cxd4 Nf5 10. Be3 Bd7 11. 0-0 Rc8 12. Nc3 Na5 13. Rac1 Bb4 14. Bd3 Nc4 15. Bxc4 Rxc4 16. Qd3 0-0 17. Ng5 h6 18. g4 hxg5 19. gxf5 Bxc3 20. bxc3 exf5 21. Bxg5 Qg6 22. Qg3 Rfc8 23. Kh1 f4 24. Qxf4 Rxc3 25. Rb1 b5 26. f3 Qh5 27. Qg3 Bf5 28. Rbe1 Rd3 29. Re2 Rcc3 30. Ref2 Kh7 31. Qf4 Bh3 32. Rc1 Rxc1+ 33. Qxc1 Rxf3 34. Kg1 Qg4+ 0-1

[Event "Karvina op"]
[Site "Karvina"]
[Date "2014.07.04"]
[Round "7"]
[White "Kordela, Monika"]
[Black "Nisztuk, Michal"]
[Result "1/2-1/2"]
[WhiteElo "1342"]
[BlackElo "1768"]
[PlyCount "86"]
[EventDate "2014.06.28"]
[EventType "swiss"]
[EventRounds "9"]
[EventCountry "CZE"]
[SourceTitle "CBM 161 Extra"]
[Source "ChessBase"]
[SourceDate "2014.08.29"]
[SourceVersion "1"]
[SourceVersionDate "2014.08.29"]
[SourceQuality "1"]

1. d4 d5 2. c4 c6 3. Nf3 Nf6 4. Nc3 Bf5 5. Bf4 dxc4 6. e3 b5 7. a4 b4 8. Na2 Qd5 9. Rc1 b3 10. Bxc4 Bc2 11. Qxc2 bxc2 12. Bxd5 Nxd5 13. Bg3 f6 14. Rxc2 a5 15. 0-0 e6 16. Rfc1 Kd7 17. e4 Nb4 18. Nxb4 Bxb4 19. Bxb8 Rhxb8 20. Rxc6 Ra7 21. e5 f5 22. R1c2 h6 23. R6c4 Rab7 24. Nd2 Bxd2 25. Rxd2 Rxb2 26. Rxb2 Rxb2 27. g3 Rb4 28. Rc5 Rxa4 29. d5 exd5 30. Rxd5+ Kc6 31. Rd6+ Kc7 32. Rg6 Rg4 33. Ra6 Ra4 34. e6 Kd8 35. Ra7 g6 36. Rg7 g5 37. Rh7 Ra1+ 38. Kg2 g4 39. Rf7 a4 40. Rxf5 Ke7 41. Rf4 Kxe6 42. Rxg4 Kf5 43. Rb4 a3 1/2-1/2

[Event "Karvina op"]
[Site "Karvina"]
[Date "2014.06.28"]
[Round "1"]
[White "Nisztuk, Michal"]
[Black "Sobek, Jaroslav"]
[Result "0-1"]
[WhiteElo "1768"]
[BlackElo "2324"]
[PlyCount "56"]
[EventDate "2014.06.28"]
[EventType "swiss"]
[EventRounds "9"]
[EventCountry "CZE"]
[SourceTitle "CBM 161 Extra"]
[Source "ChessBase"]
[SourceDate "2014.08.29"]
[SourceVersion "1"]
[SourceVersionDate "2014.08.29"]
[SourceQuality "1"]

1. e4 c5 2. Nf3 d6 3. Bc4 a6 4. c3 Nf6 5. e5 dxe5 6. Nxe5 e6 7. d3 Bd6 8. f4 Qc7 9. Qe2 0-0 10. 0-0 b5 11. Bb3 Nc6 12. Ng4 Nd5 13. f5 Ne5 14. f6 Nxf6 15. Rxf6 c4 16. dxc4 gxf6 17. Nxf6+ Kg7 18. Bg5 Rh8 19. Nh5+ Kf8 20. Bh6+ Ke7 21. Qe4 Bb7 22. Qh4+ Kd7 23. Nd2 Qc6 24. Nf6+ Kc7 25. Nde4 Rhg8 26. Kh1 Rg4 27. Qf2 Rxe4 28. Nxe4 Qxe4 0-1

[Event "Ostrava Konik op"]
[Site "Ostrava"]
[Date "2014.05.04"]
[Round "9"]
[White "Nisztuk, Michal"]
[Black "Malinovsky, Petr"]
[Result "0-1"]
[WhiteElo "1762"]
[BlackElo "1969"]
[PlyCount "106"]
[EventDate "2014.04.26"]
[EventType "swiss"]
[EventRounds "9"]
[EventCountry "CZE"]
[SourceTitle "CBM 160 Extra"]
[Source "ChessBase"]
[SourceDate "2014.07.01"]
[SourceVersion "1"]
[SourceVersionDate "2014.07.01"]
[SourceQuality "1"]

1. e4 c5 2. Nf3 e6 3. c3 d5 4. exd5 exd5 5. d4 Nf6 6. Bg5 cxd4 7. Nxd4 Be7 8. Nd2 0-0 9. Be2 Nc6 10. N2f3 Ne4 11. Bxe7 Qxe7 12. 0-0 Bg4 13. h3 Bxf3 14. Bxf3 Qf6 15. Nc2 Rad8 16. Ne3 Ne5 17. Be2 d4 18. cxd4 Rxd4 19. Nd5 Nf3+ 20. Bxf3 Qe5 21. Qc2 Qxd5 22. Rfe1 f5 23. Re3 Rd2 24. Qa4 Qc5 25. Rf1 Nxf2 26. Qb3+ Kh8 27. Rxf2 Rxf2 28. Rc3 Qd4 29. Rd3 Rxf3+ 30. Rxd4 Rxb3 31. axb3 h5 32. Rd7 Rb8 33. Rf7 g6 34. Kf2 Rg8 35. Rxb7 Rg7 36. Rb5 h4 37. Rd5 Rb7 38. Rd3 Kg7 39. Ke3 Kf6 40. Kd2 Ke5 41. Kc3 g5 42. Kd2 g4 43. hxg4 fxg4 44. Ke2 Rf7 45. Re3+ Kf4 46. Rc3 Rh7 47. Kf2 Rd7 48. Ke2 Re7+ 49. Kd2 Re4 50. Rd3 h3 51. g3+ Ke5 52. Rc3 Rb4 53. Kc2 h2 0-1

[Event "Ostrava Konik op"]
[Site "Ostrava"]
[Date "2014.05.03"]
[Round "8"]
[White "Nisztuk, Michal"]
[Black "Stonavsky, Filip"]
[Result "1-0"]
[WhiteElo "1762"]
[BlackElo "1558"]
[PlyCount "111"]
[EventDate "2014.04.26"]
[EventType "swiss"]
[EventRounds "9"]
[EventCountry "CZE"]
[SourceTitle "CBM 160 Extra"]
[Source "ChessBase"]
[SourceDate "2014.07.01"]
[SourceVersion "1"]
[SourceVersionDate "2014.07.01"]
[SourceQuality "1"]

1. e4 c5 2. Nf3 d6 3. d4 cxd4 4. Nxd4 Nf6 5. f3 Nc6 6. c4 g6 7. Nc3 Bg7 8. Nxc6 bxc6 9. e5 dxe5 10. Qxd8+ Kxd8 11. Be3 Be6 12. Na4 Kc7 13. Nc5 Bd7 14. Rd1 Rhd8 15. Bd2 a5 16. Nb3 a4 17. Ba5+ Rxa5 18. Nxa5 Kb6 19. b4 c5 20. bxc5+ Kc7 21. c6 Bc8 22. Rxd8 Kxd8 23. Kd2 e4 24. Be2 Bh6+ 25. Kc3 Kc7 26. Rb1 exf3 27. Bxf3 Ne8 28. Kb4 Bf5 29. Rb2 Bc8 30. Re2 e6 31. Be4 Bg5 32. Rb2 Nd6 33. Bc2 Be3 34. Rb1 Bd2+ 35. Kxa4 Bxa5 36. Kxa5 Nxc4+ 37. Kb4 Ne3 38. Ba4 Nd5+ 39. Kc5 Ba6 40. Bc2 Nc3 41. Re1 Nd5 42. Rd1 Bc8 43. a4 Ne7 44. Be4 f5 45. Bf3 e5 46. Bd5 g5 47. a5 h6 48. Rb1 e4 49. Rb6 e3 50. Bc4 g4 51. a6 Bxa6 52. Rxa6 f4 53. Ra7+ Kd8 54. Be2 h5 55. Rd7+ Ke8 56. Rd4 1-0

[Event "Ostrava Konik op"]
[Site "Ostrava"]
[Date "2014.05.01"]
[Round "6"]
[White "Nisztuk, Michal"]
[Black "Sladek, Vladislav"]
[Result "0-1"]
[WhiteElo "1762"]
[BlackElo "1987"]
[PlyCount "124"]
[EventDate "2014.04.26"]
[EventType "swiss"]
[EventRounds "9"]
[EventCountry "CZE"]
[SourceTitle "CBM 160 Extra"]
[Source "ChessBase"]
[SourceDate "2014.07.01"]
[SourceVersion "1"]
[SourceVersionDate "2014.07.01"]
[SourceQuality "1"]

1. e4 d5 2. exd5 Qxd5 3. d4 e5 4. Nf3 Nc6 5. dxe5 Qxd1+ 6. Kxd1 Bg4 7. Be2 0-0-0+ 8. Bd2 Bc5 9. Ng5 Bxe2+ 10. Kxe2 Nh6 11. Ne4 Bd4 12. Nbc3 Bxe5 13. Bxh6 gxh6 14. Rhd1 Nd4+ 15. Kf1 Nxc2 16. Rxd8+ Rxd8 17. Rd1 Rxd1+ 18. Nxd1 Nd4 19. g3 b6 20. f4 Bg7 21. Kf2 Kd7 22. Ne3 c5 23. b3 Ke6 24. g4 f5 25. gxf5+ Nxf5 26. Nc4 Bd4+ 27. Kf3 Kd5 28. Ng3 Ke6 29. Ke4 Nxg3+ 30. hxg3 h5 31. Nd2 Bf2 32. Kf3 Be1 33. Ne4 h6 34. Ke2 Bb4 35. Nf2 Kf5 36. Kf3 b5 37. Nd3 Ba3 38. Ne5 a5 39. Ke3 Bb2 40. Nd3 Bd4+ 41. Kf3 c4 42. bxc4 bxc4 43. Ne1 c3 44. Nc2 Bc5 45. Ne1 Ke6 46. Nc2 Kd5 47. Ne1 Kd4 48. Ke2 Ke4 49. Nc2 Bb6 50. Ne1 Bc5 51. Nd3 h4 52. gxh4 Bd4 53. Ne1 h5 54. Kd1 Bf2 55. Nc2 Bxh4 56. Ke2 Bg5 57. Ne1 h4 58. Nc2 h3 59. Kf2 Bxf4 60. Ne1 h2 61. Kg2 Ke3 62. Nc2+ Kd2 0-1

[Event "Ostrava Konik op"]
[Site "Ostrava"]
[Date "2014.04.28"]
[Round "3"]
[White "Szotkowski, David"]
[Black "Nisztuk, Michal"]
[Result "0-1"]
[WhiteElo "1300"]
[BlackElo "1762"]
[PlyCount "44"]
[EventDate "2014.04.26"]
[EventType "swiss"]
[EventRounds "9"]
[EventCountry "CZE"]
[SourceTitle "CBM 160 Extra"]
[Source "ChessBase"]
[SourceDate "2014.07.01"]
[SourceVersion "1"]
[SourceVersionDate "2014.07.01"]
[SourceQuality "1"]

1. e4 e5 2. Nf3 Nc6 3. Bc4 Nf6 4. d3 d5 5. exd5 Nxd5 6. Nbd2 Bg4 7. 0-0 Bc5 8. Ne4 Bb6 9. Bg5 Nf6 10. Re1 Nd4 11. Ned2 Nxf3+ 12. Nxf3 0-0 13. Rxe5 Qd6 14. Bxf6 Qxf6 15. Re4 Bxf3 16. Qxf3 Qxb2 17. Rae1 Qxc2 18. Re8 Raxe8 19. Qxf7+ Kh8 20. Qxe8 Qxf2+ 21. Kh1 Be3 22. Qxe3 Qxe3 0-1

[Event "Ostrava Konik op"]
[Site "Ostrava"]
[Date "2014.04.27"]
[Round "2"]
[White "Nisztuk, Michal"]
[Black "Zeman, Arnost"]
[Result "0-1"]
[WhiteElo "1762"]
[BlackElo "1993"]
[PlyCount "106"]
[EventDate "2014.04.26"]
[EventType "swiss"]
[EventRounds "9"]
[EventCountry "CZE"]
[SourceTitle "CBM 160 Extra"]
[Source "ChessBase"]
[SourceDate "2014.07.01"]
[SourceVersion "1"]
[SourceVersionDate "2014.07.01"]
[SourceQuality "1"]

1. e4 c5 2. Nf3 g6 3. c3 Bg7 4. Bc4 Nc6 5. d4 cxd4 6. Nxd4 Nxd4 7. cxd4 d6 8. 0-0 Nf6 9. e5 dxe5 10. dxe5 Qxd1 11. Rxd1 Nd7 12. e6 fxe6 13. Bxe6 Nb6 14. Bb3 Bd7 15. Nc3 Rc8 16. a4 Nc4 17. Rd3 Bf5 18. Rf3 Ne5 19. Re3 Nc4 20. Re1 Na5 21. Ba2 Rxc3 22. bxc3 Bxc3 23. Bh6 Bxa1 24. Rxa1 e6 25. h3 Kf7 26. Rd1 Re8 27. Bg5 Bc2 28. Rd7+ Kg8 29. Be7 Bxa4 30. Bxe6+ Kg7 31. Rc7 Rxe7 32. Rxe7+ Kf6 33. Rxh7 Kxe6 34. g4 Bc6 35. f4 Nc4 36. Kf2 a5 37. h4 a4 38. h5 gxh5 39. gxh5 a3 40. Rg7 Be4 41. Rg1 Kf6 42. h6 a2 43. Rc1 b5 44. Ra1 Bb1 45. f5 Nd6 46. Ke2 Nxf5 47. Kd2 Kg6 48. Kc3 Kxh6 49. Kb4 Nd6 50. Kc5 Kg5 51. Kd4 Kf4 52. Kc3 Ke3 53. Kb4 Kd3 0-1

[Event "Rowy op 08"]
[Site "Rowy"]
[Date "2012.08.22"]
[Round "5"]
[White "Przewoznik, Emil"]
[Black "Nisztuk, Michal"]
[Result "1/2-1/2"]
[WhiteElo "1957"]
[BlackElo "1792"]
[PlyCount "45"]
[EventDate "2012.08.18"]
[EventType "swiss"]
[EventRounds "9"]
[EventCountry "POL"]
[SourceTitle "EXT 2014"]
[Source "ChessBase"]
[SourceDate "2013.11.20"]
[SourceVersion "1"]
[SourceVersionDate "2013.11.20"]
[SourceQuality "1"]

1. e4 e5 2. Nf3 Nc6 3. Bb5 Nf6 4. 0-0 Nxe4 5. Re1 Nd6 6. Nxe5 Nxe5 7. Rxe5+ Be7 8. Ba4 0-0 9. c3 Nc4 10. Re1 d5 11. Bc2 Bd6 12. b3 Nb6 13. Ba3 g6 14. Bxd6 Qxd6 15. d4 Bd7 16. Nd2 Rfe8 17. Qf3 Re6 18. Rxe6 Qxe6 19. Nf1 Re8 20. Ne3 Qc6 21. c4 dxc4 22. Qxc6 Bxc6 23. bxc4 1/2-1/2

[Event "Karvina op"]
[Site "Karvina"]
[Date "2012.07.08"]
[Round "9"]
[White "Kubosova, Hana"]
[Black "Nisztuk, Michal"]
[Result "0-1"]
[WhiteElo "1481"]
[BlackElo "1808"]
[PlyCount "28"]
[EventDate "2012.06.30"]
[EventType "swiss"]
[EventRounds "9"]
[EventCountry "CZE"]
[SourceTitle "EXT 2014"]
[Source "ChessBase"]
[SourceDate "2013.11.20"]
[SourceVersion "1"]
[SourceVersionDate "2013.11.20"]
[SourceQuality "1"]

1. d4 d5 2. Bg5 c5 3. c3 cxd4 4. cxd4 Nc6 5. e3 Bf5 6. Nd2 Qa5 7. a3 e6 8. Ngf3 Bd6 9. Qb3 Rb8 10. Bd3 Be4 11. 0-0 h6 12. Bxe4 hxg5 13. Nxg5 Bxh2+ 14. Kh1 Qxd2 0-1

[Event "Karvina op"]
[Site "Karvina"]
[Date "2012.07.07"]
[Round "8"]
[White "Nisztuk, Michal"]
[Black "Horvath, Tomas"]
[Result "1/2-1/2"]
[WhiteElo "1808"]
[BlackElo "1468"]
[PlyCount "42"]
[EventDate "2012.06.30"]
[EventType "swiss"]
[EventRounds "9"]
[EventCountry "CZE"]
[SourceTitle "EXT 2014"]
[Source "ChessBase"]
[SourceDate "2013.11.20"]
[SourceVersion "1"]
[SourceVersionDate "2013.11.20"]
[SourceQuality "1"]

1. e4 e6 2. d4 d5 3. Nc3 Nf6 4. Bg5 Be7 5. e5 Nfd7 6. h4 Bxg5 7. hxg5 Qxg5 8. Nf3 Qd8 9. Nh4 g6 10. Qd2 Qe7 11. Bd3 Qf8 12. 0-0-0 a6 13. Ne2 c5 14. c3 Nc6 15. Rh3 cxd4 16. cxd4 Kd8 17. Rdh1 Qg7 18. Nf3 Kc7 19. Ng5 h6 20. Nf4 Nb6 21. Ne2 Bd7 1/2-1/2